000 00856nam a22001937a 4500
999 _c62007
_d62007
003 Ge_BSU
005 20240621100307.0
008 240621s1959 ge ||||| |||| 00| 0 geo d
041 _ageo
080 _a615.11 ა-45
100 _aალადაშვილი, ა.
_914178
245 _aკლინიკური რეცეპტები /
_c ა. ალადაშვილი, ვ. ალადაშვილი.
250 _aმე-9 შევსებული და გადამუშავებული გამოცემა.
264 _aთბილისი :
_bსაბჭ. საქართველო,
_c1959.
300 _a278 გვ. ;
_b17 სმ.
500 _a დამატ. თავფურც. რუს. ენ.
653 _aკლინიკური რეცეპტები
942 _2udc
_cBK